000 00327nam a22001457a 4500
003 SGT
020 _a9780415672573
082 _a770
_bKRE
100 _aKRESS GUNTHER
245 _aREADING IMAGES THE GRAMMAR OF VISUAL DESIGN
260 _a LONDAN
_c2021
_bROUTLEDGE PUB.
300 _a287
650 _aBJMC
942 _2ddc
_cBK
999 _c32146
_d32146